UK Housing market (Record no. 109934)

MARC details
000 -LEADER
fixed length control field 01247cad a22002415a 4500
001 - CONTROL NUMBER
control field L148177
008 - FIXED-LENGTH DATA ELEMENTS--GENERAL INFORMATION
fixed length control field 090811e20090805xxkd f s 000 0 eng d
035 ## - SYSTEM CONTROL NUMBER
System control number (Sirsi) u148177
041 0# - LANGUAGE CODE
Language code of text/sound track or separate title eng
050 04 - LIBRARY OF CONGRESS CALL NUMBER
Classification number 333.33 $2 18
110 2# - MAIN ENTRY--CORPORATE NAME
Corporate name or jurisdiction name as entry element Royal Institution of Chartered Surveyors
Subordinate unit Economics
9 (RLIN) 5033
245 00 - TITLE STATEMENT
Title UK Housing market
Remainder of title caution still the watchword
Medium [electronic resource]
260 ## - PUBLICATION, DISTRIBUTION, ETC.
Place of publication, distribution, etc. London
Name of publisher, distributor, etc. RICS
Date of publication, distribution, etc. 2009
490 ## - SERIES STATEMENT
Series statement RICS UK Housing Market Forecast
Volume/sequential designation 5 August 2009
520 ## - SUMMARY, ETC.
Summary, etc. Forecasts trends of UK residential housing market for the second half of 2009 and 2010. Predicts that house prices will be slightly higher in the fourth quarter 2009 than in the fourth quarter 2008. Expects a rise in mortgage approvals to about 55 000 per month up to the end of 2009. Reports an acute need for new housebuilding. Fears a new fall in prices in 2010 and the impact of unemployment on house prices.
521 ## - TARGET AUDIENCE NOTE
Target audience note Advanced
590 ## - LOCAL NOTE (RLIN)
Local note KA
650 24 - SUBJECT ADDED ENTRY--TOPICAL TERM
Topical term or geographic name entry element RICS UK HOUSING MARKET FORECAST
651 #4 - SUBJECT ADDED ENTRY--GEOGRAPHIC NAME
Geographic name United Kingdom
Chronological subdivision
690 ## - LOCAL SUBJECT ADDED ENTRY--TOPICAL TERM (OCLC, RLIN)
Topical term or geographic name as entry element PROPERTY-RESIDENTIAL PROPERTY-RESIDENTIAL PROPERTY MARKET
856 40 - ELECTRONIC LOCATION AND ACCESS
Uniform Resource Identifier <a href="https://www.rics.org/RICSWEB/getpage.aspx?p=cW_CwVN5oEKaOiGvarWyHg">https://www.rics.org/RICSWEB/getpage.aspx?p=cW_CwVN5oEKaOiGvarWyHg</a>
Public note View the item free of charge at www.rics.org...
942 ## - ADDED ENTRY ELEMENTS (KOHA)
Suppress in OPAC 0
Holdings
Withdrawn status Lost status Source of classification or shelving scheme Damaged status Not for loan Home library Current library Shelving location Date acquired Total Checkouts Full call number Barcode Date last seen Copy number Price effective from Koha item type
    Dewey Decimal Classification     Virtual Virtual Online 11/08/2009   ONLINE PUBLICATION 148177-2001 06/08/2019 1 06/08/2019 Book